| 000 | 00712nam a2200241 i 4500 | ||
|---|---|---|---|
| 001 | C2-0302665 | ||
| 003 | PPAK | ||
| 005 | 20180728083701.0 | ||
| 008 | 100204s2007 xx |||| ||||| | eng d | ||
| 020 | _a9781594850394 | ||
| 040 |
_aPPAK _beng _cPPAK _erda |
||
| 082 | 0 | 4 |
_a333.72 _223 |
| 090 | 0 | 0 |
_a333.72 _bWAK _dLCK |
| 245 | 0 | 0 |
_aWake up and smell the planet _bthe nonpompous, nonpreachy grist guide to greening your day |
| 264 | 1 |
_bNew York , _c2007 |
|
| 300 |
_a175 pages ; _c17 cm |
||
| 336 |
_2rdacontent _atext |
||
| 337 |
_2rdamedia _aunmediated |
||
| 338 |
_2rdacarrier _avolume |
||
| 650 | 1 | 0 | _aEnvironmentalism-United States-Popular works |
| 700 | 0 |
_aBrangien Davis, _eeditor |
|
| 942 |
_ddc _cB |
||
| 999 |
_c106222 _d106222 |
||